Normal view MARC view
  • PHARMACY

Entry Topical Term

Number of records used in: 1

001 - CONTROL NUMBER

  • control field: 7675

003 - CONTROL NUMBER IDENTIFIER

  • control field: JRU

005 - DATE AND TIME OF LATEST TRANSACTION

  • control field: 20230403134350.0

008 - FIXED-LENGTH DATA ELEMENTS

  • fixed length control field: 230403|| aca||aabn | a|a d

040 ## - CATALOGING SOURCE

  • Original cataloging agency: JRU
  • Transcribing agency: JRU

150 ## - HEADING--TOPICAL TERM

  • Topical term or geographic name as entry element: PHARMACY
  • General subdivision: B. PHARMA

670 ## - SOURCE DATA FOUND

  • Source citation: Work cat.: (JRU)8248: GUPTA , S.K AND SRIVASTAVA, SUSHMA 7674, TEXT BOOK OF PHARMACOVIGLANCE -ENSURING THE SAFE USE OF MEDICINES, 2019